000 02154cam a22004694i 4500
003 PE-LiUPU
005 20250731165425.0
008 160201s2004 pe a grm 000 0 spa d
035 _a(Sirsi) a155850
040 _aPE-LiUPU
_bspa
_cPE-LiUPU
_erda
082 0 4 _a241.66486732
_bR52 T4
099 _aTT 4
_bR52 2004
100 1 _aRibero Suárez, Luis Enrique
_eautor
245 1 _aPredicción de la creencia de la IASD sobre sexualidad en algunas de las actitudes y prácticas sexuales de los Jóvenes Adventistas en Colombia /
_cLuis Enrique Ribero Suárez.
264 0 _c2004.
300 _a258 hojas
_c28 cm
336 _atext
_2rdacontent
337 _aunmediated
_2rdamedia
338 _avolume
_2rdacarrier
502 _aTesis
_b(Dr.) --
_cUniversidad Peruana Unión,
_d2004.
504 _aIncluye referencias
520 3 _aRecientes investigaciones en Colombia y otros paises, muestran que en buena medida las actitudes y practicas sexuales no son congruentes con la enseñanza biblica sobre la sexualidad. Siendo que el debilitamiento de la moral sexual afecta las relaciones humanas, crea un corto circuito en el orden social, transtorna la elacion con Dios y produce frustracion, el investigador decidio indagar lo siguiente: ¿Es la creencia con respecto a la sexualidad una caracteristica predictora de las actitudes y practicas relacionadas con las relaciones premaritales, la masturbacion y las caricias eroticas antes del matrimonio de los jovenes solteros de 16 a 35 años de la IASD en Colombia en el año 2003?
526 _aSEG44
526 _aSEG26
526 _aP151
526 _aP150
526 _aP149
526 _aP146
526 _aP145
526 _aP126
526 _aP125
526 _aP92
526 _aP75
526 _aP74
526 _aP27
526 _aP15
610 0 4 _aAdventistas del Séptimo Día
_xConducta sexual
_zColombia.
650 0 4 _aSexualidad
_xEnseñanza bíblica.
596 _a1
942 _2ddc
_cTESIS
999 _aTT 4 R52 2004
_wALPHANUM
_c8527
_iT00432
_lCCODEBUL3
_mBUL
_r1
_sY
_tTESIS
_u2016-2-1
_xPOSGRADO
_PP94
_o.STAFF. Tesis
_d8527
980 _81
_gALBERTO SANCHEZ Responsable de Automatización